000 00483nam a2200181Ia 4500
008 100917s9999 xx 000 0 und d
082 _b33158
100 _aबोरवणकर रा. ग.
245 _aमेघदूत
260 _bचित्रशाळा प्रकाशन
_c1935
300 _a153
365 _b1
520 _aकविता
630 _aमेघदूत
650 _aकविता
730 _aमेघदूत
942 _cBOOK
999 _c638552
_d638549